000 00402nam a2200157Ia 4500
003 OSt
005 20230529161904.0
008 211028s2015 xx 000 0 und d
040 _cAIMIT LIBRARY
041 _aeng
100 _aShetty, Sushma L; Manimozhi, R.
_98606
_e131926
110 _aManimozhi R
_98607
245 _aP-Tech governance system-2.
260 _aMangalore
_c2015
942 _2ddc
_cPRO
999 _c219972
_d219972